| 000 | 00597nam a22002057a 4500 | ||
|---|---|---|---|
| 005 | 20250519130112.0 | ||
| 008 | 250519b |||||||| |||| 00| 0 eng d | ||
| 040 | _cDO | ||
| 245 | _aWild gliders of borneo | ||
| 250 | _aOctober 2000 Vol. 198 No. 4 | ||
| 490 | _aNational Geographic | ||
| 520 | _aMegatransect, Sky-high Over the Sonoran, Boston's North Enders, Wild Gliders, New Eyes on the Oceans, Deep Sea Vents, Fossil Trail | ||
| 650 | _xAFRICA | ||
| 650 | _xSONORAN | ||
| 650 | _xNORTH ENDERS | ||
| 650 | _xWILD GLIDERS | ||
| 650 | _xOCEANS | ||
| 650 | _xDEEP SEA | ||
| 942 |
_2ddc _cCR |
||
| 999 |
_c5528 _d5528 |
||